<?xml version="1.0" encoding="UTF-8"?><?xml-stylesheet type="text/xsl" href="static/style.xsl"?><OAI-PMH xmlns="http://www.openarchives.org/OAI/2.0/" xmlns:xsi="http://www.w3.org/2001/XMLSchema-instance" xsi:schemaLocation="http://www.openarchives.org/OAI/2.0/ http://www.openarchives.org/OAI/2.0/OAI-PMH.xsd"><responseDate>2026-04-17T17:01:53Z</responseDate><request verb="GetRecord" identifier="oai:www.recercat.cat:2072/379053" metadataPrefix="marc">https://recercat.cat/oai/request</request><GetRecord><record><header><identifier>oai:recercat.cat:2072/379053</identifier><datestamp>2026-04-04T21:00:37Z</datestamp><setSpec>com_2072_98</setSpec><setSpec>col_2072_378192</setSpec></header><metadata><record xmlns="http://www.loc.gov/MARC21/slim" xmlns:dcterms="http://purl.org/dc/terms/" xmlns:xsi="http://www.w3.org/2001/XMLSchema-instance" xmlns:doc="http://www.lyncode.com/xoai" xsi:schemaLocation="http://www.loc.gov/MARC21/slim http://www.loc.gov/standards/marcxml/schema/MARC21slim.xsd">
   <leader>00925njm 22002777a 4500</leader>
   <datafield ind2=" " ind1=" " tag="042">
      <subfield code="a">dc</subfield>
   </datafield>
   <datafield ind2=" " ind1=" " tag="720">
      <subfield code="a">Carbonell i Paris, Francesc</subfield>
      <subfield code="e">author</subfield>
   </datafield>
   <datafield ind2=" " ind1=" " tag="260">
      <subfield code="c">1998</subfield>
   </datafield>
   <datafield ind2=" " ind1=" " tag="520">
      <subfield code="a">Tenint en compte que la diversitat cultural no és un fenomen nou dins la nostra societat, l'autor analitza diverses dades sobre l'augment progressiu de la població immigrant dins de l'Estat espanyol. Aquest fet genera situacions conflictives dins del país d'acollida i, concretament, dins de la comunitat escolar, a causa dels problemes que planteja la integració de les minories ètniques dins de les escoles. Segons s'afirma a l'article, això està provocat per la manca de marcs teòrics consolidats i de models d'intervenció validats per promoure la convivència intercultural dins de la societat. Al text es treballen les definicions de diversos autors sobre conceptes relacionats amb la integració social dels grups minoritaris (marginació, assimilació, aculturalització...).</subfield>
   </datafield>
   <datafield ind2=" " ind1=" " tag="520">
      <subfield code="a">Teniendo en cuenta que la diversidad cultural no es un fenómeno nuevo dentro de nuestra sociedad, el autor analiza diversos datos sobre el aumento progresivo de la población inmigrante dentro del Estado español. Este hecho genera situaciones conflictivas dentro del país de acogida y, concretamente, dentro de la comunidad escolar, a causa de los problemas que plantea la integración de las minorías étnicas dentro de las escuelas. Según se afirma en el artículo, esto está provocado por la falta de marcos teóricos consolidados y de modelos de intervención validados para promover la convivencia intercultural dentro de la sociedad. En el texto se trabajan las definiciones de diversos autores sobre conceptos relacionados con la integración social de los grupos minoritarios (marginación, asimilación, aculturalitzación...).</subfield>
   </datafield>
   <datafield ind2=" " ind1=" " tag="520">
      <subfield code="a">Cultural diversity is not a new phenomenon in our society. Taking this into account, the author analyses some data about the increasing of immigrant population in Spain and points out that this fact creates conflictive situations. This is particularly true within the schools community, due to its difficulty of integrating ethnic minorities. As the author remarks, this situation comes from the inexistence of neither a strong theoretical frame nor validated models of intervention, which would promote intercultural coexistence within society. Finally, some concepts related to the social integration of minorities such as margination, assimilation and aculturalisation are defined and developed.</subfield>
   </datafield>
   <datafield tag="653" ind2=" " ind1=" ">
      <subfield code="a">Immigració</subfield>
   </datafield>
   <datafield tag="653" ind2=" " ind1=" ">
      <subfield code="a">Diversitat cultural</subfield>
   </datafield>
   <datafield tag="653" ind2=" " ind1=" ">
      <subfield code="a">Integració</subfield>
   </datafield>
   <datafield tag="653" ind2=" " ind1=" ">
      <subfield code="a">Marginació</subfield>
   </datafield>
   <datafield tag="653" ind2=" " ind1=" ">
      <subfield code="a">Assimilació</subfield>
   </datafield>
   <datafield tag="653" ind2=" " ind1=" ">
      <subfield code="a">Aculturalització</subfield>
   </datafield>
   <datafield tag="653" ind2=" " ind1=" ">
      <subfield code="a">Educació intercultural</subfield>
   </datafield>
   <datafield tag="653" ind2=" " ind1=" ">
      <subfield code="a">Inmigración</subfield>
   </datafield>
   <datafield tag="653" ind2=" " ind1=" ">
      <subfield code="a">Diversidad cultural</subfield>
   </datafield>
   <datafield tag="653" ind2=" " ind1=" ">
      <subfield code="a">Integración</subfield>
   </datafield>
   <datafield tag="653" ind2=" " ind1=" ">
      <subfield code="a">Marginación</subfield>
   </datafield>
   <datafield tag="653" ind2=" " ind1=" ">
      <subfield code="a">Asimilación</subfield>
   </datafield>
   <datafield tag="653" ind2=" " ind1=" ">
      <subfield code="a">Aculturalización</subfield>
   </datafield>
   <datafield tag="653" ind2=" " ind1=" ">
      <subfield code="a">Educación intercultural</subfield>
   </datafield>
   <datafield tag="653" ind2=" " ind1=" ">
      <subfield code="a">Immigration</subfield>
   </datafield>
   <datafield tag="653" ind2=" " ind1=" ">
      <subfield code="a">Cultural diversity</subfield>
   </datafield>
   <datafield tag="653" ind2=" " ind1=" ">
      <subfield code="a">Integration</subfield>
   </datafield>
   <datafield tag="653" ind2=" " ind1=" ">
      <subfield code="a">Margination</subfield>
   </datafield>
   <datafield tag="653" ind2=" " ind1=" ">
      <subfield code="a">Assimilation</subfield>
   </datafield>
   <datafield tag="653" ind2=" " ind1=" ">
      <subfield code="a">Aculturalisation</subfield>
   </datafield>
   <datafield tag="653" ind2=" " ind1=" ">
      <subfield code="a">Intercultural education</subfield>
   </datafield>
   <datafield ind2="0" ind1="0" tag="245">
      <subfield code="a">La integració social i la diversitat cultural a l'escola</subfield>
   </datafield>
</record></metadata></record></GetRecord></OAI-PMH>